| 000 | 01154nam a2200289 a 4500 | ||
|---|---|---|---|
| 001 | ebr10231347 | ||
| 003 | CaPaEBR | ||
| 006 | m u | ||
| 007 | cr cn||||||||| | ||
| 008 | 720201s1964 mnu s 000 1 eng d | ||
| 010 | _z 64013767 | ||
| 020 | _z9780816604456 | ||
| 020 | _z9780816662029 | ||
| 040 |
_aCaPaEBR _cCaPaEBR |
||
| 035 | _a(OCoLC)233034460 | ||
| 050 | 1 | 4 |
_aPS3507.A33 _bA66 1964eb |
| 100 | 1 |
_aDahlberg, Edward, _d1900-1977. |
|
| 245 | 1 | 0 |
_aAlms for oblivion _h[electronic resource] : _bessays / _cby Edward Dahlberg ; with a foreword by Sir Herbert Read. |
| 260 |
_aMinneapolis : _bUniversity of Minnesota Press, _c[1964] |
||
| 300 | _a[i]-x p., 1 leaf, [1]-166 p., 1 leaf. | ||
| 533 |
_aElectronic reproduction. _bPalo Alto, Calif. : _cebrary, _d2013. _nAvailable via World Wide Web. _nAccess may be limited to ebrary affiliated libraries. |
||
| 650 | 0 | _aAmerican literature. | |
| 655 | 7 |
_aElectronic books. _2local |
|
| 700 | 1 |
_aRead, Herbert, _d1893-1968. |
|
| 710 | 2 | _aebrary, Inc. | |
| 856 | 4 | 0 |
_uhttp://site.ebrary.com/lib/rucke/Doc?id=10231347 _zAn electronic book accessible through the World Wide Web; click to view |
| 999 |
_c39727 _d39727 |
||